Labour Economics (Record no. 226344)
[ view plain ]
| 000 -LEADER | |
|---|---|
| fixed length control field | 00808nam a22002177a 4500 |
| 005 - DATE AND TIME OF LATEST TRANSACTION | |
| control field | 20230109121324.0 |
| 008 - FIXED-LENGTH DATA ELEMENTS--GENERAL INFORMATION | |
| fixed length control field | 230109b ||||| |||| 00| 0 eng d |
| 020 ## - INTERNATIONAL STANDARD BOOK NUMBER | |
| International Standard Book Number | 9789392927119 |
| 040 ## - CATALOGING SOURCE | |
| Transcribing agency | AL |
| 041 ## - LANGUAGE CODE | |
| Language code of text/sound track or separate title | eng |
| 082 ## - DEWEY DECIMAL CLASSIFICATION NUMBER | |
| Edition number | 23 |
| Classification number | 331 |
| Item number | SINL |
| 100 ## - MAIN ENTRY--PERSONAL NAME | |
| Personal name | Jiwitesh Kumar Singh |
| 9 (RLIN) | 68988 |
| 245 ## - TITLE STATEMENT | |
| Title | Labour Economics |
| Remainder of title | : Principles Problems and Practices |
| 250 ## - EDITION STATEMENT | |
| Edition statement | 2nd, ed. |
| 260 ## - PUBLICATION, DISTRIBUTION, ETC. | |
| Place of publication, distribution, etc. | New Delhi |
| Name of publisher, distributor, etc. | Regal Publications |
| Date of publication, distribution, etc. | 2022 |
| 300 ## - PHYSICAL DESCRIPTION | |
| Extent | xii,914p. |
| Other physical details | HB |
| Dimensions | 22.1x14.5cm. |
| 365 ## - TRADE PRICE | |
| Source of price type code | General |
| Price type code | 1832 |
| Price amount | ₹2210.00 |
| Currency code | ₹ |
| Unit of pricing | ₹2600.00 |
| Price note | 15% |
| Price effective from | 11-12-2022 |
| 520 ## - SUMMARY, ETC. | |
| Summary, etc. | Labour Economics; Labour market issues; Trade unionism; Industrial Relations; Wages payment policy and methods; Social security and international Labour organization. |
| 650 ## - SUBJECT ADDED ENTRY--TOPICAL TERM | |
| Source of heading or term | Economics |
| Topical term or geographic name entry element | Labour Economics |
| 9 (RLIN) | 68989 |
| 942 ## - ADDED ENTRY ELEMENTS (KOHA) | |
| Source of classification or shelving scheme | Dewey Decimal Classification |
| Koha item type | Book |
| Withdrawn status | Lost status | Source of classification or shelving scheme | Damaged status | Not for loan | Collection code | Home library | Current library | Date acquired | Source of acquisition | Cost, normal purchase price | Total Checkouts | Full call number | Barcode | Date last seen | Date last checked out | Cost, replacement price | Price effective from | Koha item type |
|---|---|---|---|---|---|---|---|---|---|---|---|---|---|---|---|---|---|---|
| Dewey Decimal Classification | Economics | St Aloysius PG Library | St Aloysius PG Library | 01/07/2023 | Vidya Vihar | 2210.00 | 3 | 331 SINL | PG024151 | 12/01/2023 | 11/28/2023 | 2600.00 | 01/09/2023 | Book |